Szczegóły MARC21

Traktat ustanawiający Wspólnotę Europejską : (tekst ujednolicony) = Treaty establishing the European Community : (consolidated version). Traktat o Unii Europejskiej : (tekst ujednolicony) = Treaty on European Union : (consolidated version).

003 -Nazwa inst., której nr kontr. jest w polu 001 [,]
    • @
    • Nazwa instytucji, której n kontrolny jest w polu 001
    • NUKAT
005 -DATA I CZAS OSTATNIEJ MODYFIKACJI [,]
    • @
    • pole kontrolne
    • 20241231115529.0
020 -Międzynarod. znormalizowany nr książki - ISBN [ , ]
    • a
    • Numer ISBN
    • 8389972662 Find
040 -Instytucja sporządzająca opis [ , ]
    • a
    • Instytucja, która sporządziła opis (NP)
    • WR U/PAd
    • c
    • Instytucja, która sporządziła rekord (NP)
    • WR U/ap
    • d
    • Instytucja, która zmodyfikowała rekord (P)
    • WR U/jm
    • d
    • Instytucja, która zmodyfikowała rekord (P)
    • WR U/HSs
041 -Język dokumentu [0, ]
    • a
    • Język tekstu (P)
    • polski
    • a
    • Język tekstu (P)
    • angielski
942 -Rodzaj dokumentu [ , ]
    • c
    • Rodzaj dokumentu
    • Książka
245 -Strefa tytułu i oznaczenia odpowiedzialności [0,0]
    • a
    • Tytuł
    • Traktat ustanawiający Wspólnotę Europejską : Find
    • b
    • Ciąg dalszy tytułu (NP)
    • (tekst ujednolicony) = Treaty establishing the European Community : (consolidated version). Traktat o Unii Europejskiej : (tekst ujednolicony) = Treaty on European Union : (consolidated version). Find
246 -Wariant tytułu [3,1]
    • a
    • Tytuł (NP)
    • Treaty establishing the European Community
250 -Strefa wydania [ , ]
    • a
    • Oznaczenie wydania (NP)
    • Wyd. 2 uzup.
260 -Strefa adresu wydawniczego [ , ]
    • a
    • Miejsce wydania (P)
    • Warszawa :
    • b
    • Nazwa wydawcy (P)
    • Urząd Komitetu Integracji Europejskiej. Departament Dokumentacji Europejskiej i Publikacji,
    • c
    • Data wydania (P)
    • 2005.
300 -Strefa opisu fizycznego [ , ]
    • a
    • Określenie formy książki i/lub objętość (NP)
    • 449 s. ;
    • c
    • Format (NP)
    • 21 cm.
336 -Typ zawartości [ , ]
    • a
    • Termin opisujący typ zawartości
    • Tekst
    • b
    • Kod określający zawartość
    • txt
    • 2
    • Źródło (terminu i kodu)
    • rdacontent
337 -Typ mediów [ , ]
    • a
    • Tryb odtwarzania
    • Bez urządzenia pośredniczącego
    • b
    • Kod typu mediów
    • n
    • 2
    • Źródło (terminu i kodu)
    • rdamedia
338 -Typ/rodzaj nośnika [ , ]
    • a
    • Hasło opisujące typ nośnika
    • Wolumin
    • b
    • Kod typu nośnika
    • nc
    • 2
    • Źródło (terminu i kodu)
    • rdacarrier
546 -Uwaga dot. języka [ , ]
    • a
    • Uwaga dot. języka
    • Tekst równol. w jęz. pol. i ang.
080 -Uniwersalna Klasyfikacja Dziesiętna [ , ]
    • a
    • Symbol klasyfikacji
    • 341.24
    • 2
    • Identyfikator wydania tablic
    • UDC-P058
    • 9
    • UKD
    • 3393
    • b
    • Dopowiedzenie
    • Porozumienia międzynarodowe. Traktaty, umowy międzynarodowe.
    • 4
    • UKD2
    • 7975
    • x
    • Poddział wspólny
    • (4-67)
    • c
    • Dopowiedzenie poddz. wspólnego
    • (Kraje Unii Europejskiej).
    • 4
    • UKD2
    • 7644
    • x
    • Poddział wspólny
    • =111
    • c
    • Dopowiedzenie poddz. wspólnego
    • =Język angielski.
    • 4
    • UKD2
    • 7660
    • x
    • Poddział wspólny
    • =162.1
    • c
    • Dopowiedzenie poddz. wspólnego
    • =Język polski.
650 -Hasło przedmiotowe [ ,7]
    • a
    • Hasło przedmiotowe
    • Prawo europejskie
    • x
    • Określnik rzeczowy
    • traktaty.
    • 2
    • Źródło terminu
    • kaba
    • 9
    • KHW
    • 372049
650 -Hasło przedmiotowe [ ,7]
    • a
    • Hasło przedmiotowe
    • Traktat o Unii Europejskiej (1992).
    • 2
    • Źródło terminu
    • kaba
    • 9
    • KHW
    • 133709
650 -Hasło przedmiotowe [ ,7]
    • a
    • Hasło przedmiotowe
    • Traktaty Rzymskie (1957).
    • 2
    • Źródło terminu
    • kaba
    • 9
    • KHW
    • 133717
980 -Symbol UKD [ , ]
    • a
    • UKD
    • 341.24(4-67)=111=162.1
740 -Hasło dodatkowe - tytuł [0,2]
    • a
    • Tytuł
    • Traktat o Unii Europejskiej
920 -ISBN [ , ]
    • a
    • ISBN
    • 83-89972-66-2 Find
Sygnatura Numer inwentarzowy Status udost. Data inwentaryzacji Lokalizacja
 E.69939-22006-01-11BE
 S.92200-22006-01-11BE
 S.92201-22006-01-11BE
 S.92202-22006-01-11BE
Z.105950Z.10595012006-03-28BG
WM.5104WM.5104-32006-04-06BG
 WM.7269-32007-11-29BG
 WM.7270-32007-11-29BG
 Z.11028812008-02-15BG
 H.1436812006-03-30BNS
 H.14369-22006-03-30BNS
SA.14292SA.1429212006-03-28BSA
 T.9707-22007-11-29T
 TM.9909-22013-12-18T